000 00282nam a2200109Ia 4500
008 190912s9999||||xx |||||||||||||| ||und||
100 _aSa'adat Hasan Manto
245 0 _aFor Freedom's Sake Selected Stories and Sketches
260 _aUSA
_bAddision
_c2001
300 _a232
942 _cBK
999 _c7558
_d7558